000 00489nam a2200181 a 4500
001 11554
003 CO-ViMGA
008 141112s2004 ck r 000 u spa d
040 _aCO-ViMGA
_bspa
_cCO-ViMGA
082 0 4 _aCo861.6 M34cl
100 1 _aMejia Velilla, David
_916082
245 1 0 _aCanto continuo
260 _aBogotá,
_ceditorial Kelly,
_c1973
300 _a376 p.
490 _aInstituto Colombiano de cultura hispánica
650 1 4 _aPOESIA COLOMBIANA
_91069
942 _2ddc
_cBK
999 _c22749
_d22749